| 000 | 01260nam0a22002891 4500 | ||
|---|---|---|---|
| 001 | RU\INFOCOMM_327\NLR\5000002082 | ||
| 005 | 20250613103838.0 | ||
| 035 | _a(NLR Aleph) 009482214 | ||
| 090 |
_a8594906 _c8594906 |
||
| 100 | _a20121203d1982 |||y0rusy50 ca | ||
| 101 | 0 | _aeng | |
| 102 | _aRU | ||
| 105 | _ay z ||||| | ||
| 200 | 1 |
_aOn exponential dependence of deep-inelastic cross sections on the quark transverse momentum _fB. L. Ioffe |
|
| 210 |
_aМосква _cИн-т теорет. и эксперим. физики _d1982 |
||
| 215 |
_a6 с. _cил. _d20 см |
||
| 225 | 1 |
_aInstitute of theoretical and experimental physics _vITEP-97 |
|
| 300 | _aВ вып. дан.: Об экспоненциальной зависимости сечений глубоко-неупругих процессов от поперечного импульса кварка / Б. Л. Иоффе | ||
| 320 | _aБиблиогр.: с. 6 | ||
| 606 |
_aЧастицы (физ.) _xВзаимодействия неупругие _xМодель кварков _2nlr_sh1 |
||
| 686 |
_aВ382.145 _2rubbk |
||
| 700 | 1 |
_aIoffe _bB. L. _gBoris Lazarevič |
|
| 801 | 1 |
_aRU _bNLR _c20121203 |
|
| 801 | 0 |
_aRU _bINFOCOMM _gPSBO |
|
| 852 |
_aNLR _jФз01 Д-4/1937 |
||
| 942 | _cBOOK | ||
| 980 | _aNB | ||